اكتمل التصدير — 

Egyptomania : our three thousand year obsession with the land of the pharaohs /

Presents the history of the West's obsession with ancient Egyptian art and culture, from the time of the Romans, to the campaigns of Napolean Bonaparte, the discovery Tutankhamen's tomb, and the popular culture of today.

محفوظ في:

المؤلف الرئيسي: Brier, Bob. (مؤلف)

التنسيق: كتاب

اللغة: English

منشور في: New York : Palgrave Macmillan, 2013.

الطبعة: First Edition.

الموضوعات:

الوسوم: إضافة وسم

لا توجد وسوم, كن أول من يضع وسما على هذه التسجيلة!

رقم الطلب: DT60 .B749 2013

LEADER 01562namaa2200301 4500
001 24050
003 OSt
005 20250622115854.0
008 130303s2013 nyua g b 001 0 eng d
010 |a 2013016347 
020 |a 9781137278609 
040 |c ARCE Library 
043 |a f-ua--- 
050 4 |a DT60 .B749 2013 
100 1 |a Brier, Bob.   |e author  |9 27291 
245 1 0 |a Egyptomania :   |b our three thousand year obsession with the land of the pharaohs /   |c Bob Brier. 
250 |a First Edition. 
264 1 |a New York :   |b Palgrave Macmillan,   |c 2013. 
300 |a xix, 229 pages, 24 unnumbered pages of plates :   |b illustrations (some color) ;   |c 25 cm. 
504 |a Includes bibliographical references and index. 
505 0 |a 1. Birth of a Collection -- 2. Rome and the Birth of Egyptomania -- 3. Napoleon on the Nile -- 4. How an Obelisk and a Canal Conquered France -- 5. The Amazing Voyage of Cleopatra's Needle -- 6. Egypt for Sale: Victorian Egyptomania -- 7. New York Gets Its Obelisk -- 8. The Mummies Sing Songs of the Nile -- 9. Tutankhamen, Superstar -- 10. The Mummy Goes to the Movies -- 11. The Future of Egyptomania. 
520 |a Presents the history of the West's obsession with ancient Egyptian art and culture, from the time of the Romans, to the campaigns of Napolean Bonaparte, the discovery Tutankhamen's tomb, and the popular culture of today. 
650 0 |a Egyptology  |x History. 
651 0 |a Egypt  |x Civilization  |y To 332 B.C. 
651 0 |a Egypt  |x Antiquities. 
901 |a reviewed 
942 |c BK  |2 lcc 
999 |c 20956  |d 20956